01295cam a22003974i 4500003000900000005001700009008004100026035001900067040003300086082002200119110003600141245029600177264006800473300002800541336002100569337002500590338002300615526001000638526001000648526001000658526001000668526000800678526000800686526000800694526000800702526000800710526000800718526000800726650002500734700002800759700002400787700002200811700002700833700001000860700002700870PE-LiUPU20250731173252.0150625s r 000 0 d a(Sirsi) a35600 aPE-LiUPUbspacPE-LiUPUerda04a239.3002bM262212 aPublished for the Classics Club10aMarcus Aurelius and his times :bthe transition from paganism to Christianity, comprising Marcus Aurelius: Meditations; Lucian: Hermotimus, Icaromenippus; Justin Martyr: Dialogue with Trypho, First apology; Walter Pater: Marius the Epicurean (selections) With an introduction by Irwin Edman. 1aNew York :bPub. for the Classics Club by W. J. Black,c[1945]. a306 páginas ;c20 cm. atext2rdacontent aunmediated2rdamedia avolume2rdacarrier aSEG42 aSEG41 aSEG40 aSEG39 aP94 aP87 aP86 aP85 aP77 aP76 aP3504aFilosofía antigua.1 aMarco Aurelio,d121-1801 aLuciano de Samosata1 aJustino, mártir1 aPater, Walter1839-18941 aMario1 aEdman, Irwin1896-1954.